| 000 | 00464cam a2200181ua 4500 | ||
|---|---|---|---|
| 020 |
_a81 7029 727 3 _c450.00 |
||
| 041 |
_aeng _h |
||
| 082 |
_a004.67 _bCAD/MA |
||
| 100 | _aCady, Glee Harrah . | ||
| 245 |
_aMastering the internet / _cGlee Harrah Cady. _hTextual Documents |
||
| 250 |
_a2 / _b. |
||
| 260 |
_aNew Delhi : _bB P B Publishers , _c1996. |
||
| 300 | _a1107 ; . | ||
| 365 | _a450.00 | ||
| 504 | _a | ||
| 942 | _cBK | ||
| 999 |
_c9787 _d9787 |
||